[Event "Flint Summer Scholastic"]
[Site "Flint, MI"]
[Date "2002.08.03"]
[Round "1.2"]
[White "Crosby, Leonard"]
[Black "Homa, Seth"]
[Result "0-1"]
[WhiteElo "563"]
[BlackElo "1609"]
[PlyCount "46"]
[EventDate "2002.08.03"]

1. d4 Nf6 2. Nf3 e6 3. e3 d5 4. Bd3 c5 5. dxc5 Bxc5 6. O-O O-O 7. b3 Nc6 8. Bb2
Qe7 9. Ne5 Nxe5 10. Bxe5 b6 11. f4 Bxe3+ 12. Kh1 Bb7 13. Rf3 d4 14. Rh3 Ne4 15.
Qh5 Nf2+ 16. Kg1 Nxh3+ 17. Kh1 Nf2+ 18. Kg1 Nxd3+ 19. Kf1 Nxe5 20. Qxe5 Qh4 21.
Qxe3 dxe3 22. g3 Qxh2 23. Nc3 Qf2# 0-1

[Event "Flint Summer Scholastic"]
[Site "Flint, MI"]
[Date "2002.08.03"]
[Round "3.6"]
[White "Azzio, Mario"]
[Black "Fick II, Douglas"]
[Result "1/2-1/2"]
[WhiteElo "859"]
[BlackElo "1458"]
[PlyCount "79"]
[EventDate "2002.08.03"]

1. e4 c5 2. Nf3 d6 3. Bc4 e6 4. Nc3 Nc6 5. O-O Nf6 6. d3 Be7 7. Bf4 O-O 8. Re1
a6 9. a4 d5 10. e5 dxc4 11. exf6 Bxf6 12. dxc4 Bxc3 13. bxc3 Na5 14. Bd6 Re8
15. Qd3 b6 16. Red1 Bb7 17. Ne5 Qg5 18. Qg3 Qxg3 19. fxg3 f6 20. Nd7 Nxc4 21.
Rab1 Ne3 22. Rd2 Nxc2 23. Rxb6 Be4 24. Nxc5 Bf5 25. Nxa6 Rec8 26. Nc7 Rxa4 27.
Nxe6 Rxc3 28. Rb8+ Kf7 29. Nd8+ Kg6 30. Bf4 Ra1+ 31. Kf2 Bd3 32. g4 Rf1+ 33.
Kg3 Be4+ 34. Kh4 Rxf4 35. Ne6 Rxg4+ 36. Kxg4 Bf5+ 37. Kf4 Bxe6 38. Re2 Rc4+ 39.
Re4 Rxe4+ 40. Kxe4 1/2-1/2

[Event "Flint Summer Scholastic"]
[Site "Flint, MI"]
[Date "2002.08.03"]
[Round "5.8"]
[White "Adams, Avery"]
[Black "Oesterle, Noah"]
[Result "0-1"]
[WhiteElo "804"]
[BlackElo "958"]
[PlyCount "38"]
[EventDate "2002.08.03"]

1. e4 e5 2. Nf3 Nc6 3. Nc3 Nf6 4. Bc4 d6 5. d3 Qe7 6. Ng5 Be6 7. Bxe6 fxe6 8.
O-O h6 9. Nf3 g5 10. Be3 d5 11. exd5 exd5 12. Na4 d4 13. Re1 dxe3 14. Rxe3
O-O-O 15. d4 Nxd4 16. Nxd4 Rxd4 17. Rd3 Rxa4 18. b3 Ra6 19. Rc3 Rd6 {Remainder
illegible, 55?} 0-1

[Event "Flint August Tuesday Night Swiss"]
[Site "Flint, MI"]
[Date "2002.08.06"]
[Round "1.2"]
[White "Robertson, John"]
[Black "Aldrich, Jeff"]
[Result "1-0"]
[WhiteElo "1552"]
[BlackElo "1907"]
[PlyCount "60"]
[EventDate "2002.08.06"]

1. e4 c6 2. d4 d5 3. Nc3 dxe4 4. Nxe4 Nd7 5. Nf3 Ngf6 6. Ng3 e6 7. Bd3 Qc7 8.
Qe2 Be7 9. O-O a6 10. Re1 Nf8 11. Bd2 Ng6 12. Ne4 O-O 13. g3 Nxe4 14. Bxe4 Bd6
15. Rad1 Bd7 16. c4 c5 17. Bc3 Rae8 18. Qd2 f5 19. dxc5 Bxc5 20. Qxd7 Qxd7 21.
Rxd7 fxe4 22. Rxg7+ Kh8 23. Rc7+ Kg8 24. Rxc5 exf3 25. Rc7 Rf7 26. Rxf7 Kxf7
27. Rd1 e5 28. Rd7+ Re7 29. Rxe7+ Kxe7 30. Kf1 Kd6 $138 1-0

[Event "GCCC August Mini-Swiss.1"]
[Site "Flint, MI"]
[Date "2002.08.07"]
[Round "2.3"]
[White "Laurin, Edward"]
[Black "Gregg, Alan"]
[Result "0-1"]
[WhiteElo "1738"]
[BlackElo "2097"]
[PlyCount "29"]
[EventDate "2002.08.07"]

1. e4 c5 2. Nf3 d6 3. d4 cxd4 4. Nxd4 Nf6 5. Nc3 g6 6. Be2 Bg7 7. Be3 Nc6 8.
Nxc6 bxc6 9. e5 dxe5 10. Qxd8+ Kxd8 11. O-O-O+ Kc7 12. Bc5 Re8 13. Bc4 Be6 14.
Bxe6 fxe6 15. Bd6+ 0-1

[Event "GCCC August Mini-Swiss.1"]
[Site "Flint, MI"]
[Date "2002.08.07"]
[Round "3.4"]
[White "Hershberger, Kent"]
[Black "Laurin, Edward"]
[Result "1-0"]
[WhiteElo "1474"]
[BlackElo "1738"]
[PlyCount "23"]
[EventDate "2002.08.07"]

1. e4 c5 2. Nf3 d6 3. d4 cxd4 4. Nxd4 Nf6 5. Nc3 Nc6 6. Be2 Bd7 7. O-O g6 8.
Bg5 Bg7 9. Re1 Nxe4 10. Nxe4 Nxd4 11. Nxd6+ exd6 12. Bxd8 1-0

[Event "GCCC August Mini-Swiss.2"]
[Site "Flint, MI"]
[Date "2002.08.07"]
[Round "3"]
[White "Gurski, Christina"]
[Black "Whatling, David"]
[Result "1-0"]
[WhiteElo "1292"]
[BlackElo "1266"]
[PlyCount "59"]
[EventDate "2002.08.07"]

1. e4 e5 2. Nf3 d6 3. Bc4 Be7 4. d3 Nf6 5. Be3 Bg4 6. Nbd2 c6 7. h3 Bh5 8. g4
Bg6 9. Nh4 Nbd7 10. Nxg6 hxg6 11. g5 Nh5 12. Qf3 f6 13. gxf6 gxf6 14. O-O-O Qc7
15. Rdg1 O-O-O 16. Rxg6 Nf4 17. Rg3 Nb6 18. Bb3 d5 19. exd5 Nbxd5 20. Bxf4 Nxf4
21. Rg7 Rd7 22. Qg4 Rhd8 23. Rxe7 Kb8 24. Rxd7 Rxd7 25. Ne4 Rg7 26. Qf3 Qe7 27.
Ng3 Qd7 28. Nh5 Nxh5 29. Qxh5 Rh7 30. Qf3 1-0

[Event "GCCC August Mini-Swiss.2"]
[Site "Flint, MI"]
[Date "2002.08.07"]
[Round "1"]
[White "Gurski, Christina"]
[Black "Brownfield, Jason"]
[Result "1/2-1/2"]
[WhiteElo "1292"]
[BlackElo "980"]
[PlyCount "54"]
[EventDate "2002.08.07"]

1. e4 Nf6 2. e5 Nd5 3. c4 Nb6 4. d4 d6 5. exd6 cxd6 6. Be3 Nc6 7. Nf3 g6 8. d5
Ne5 9. Nxe5 dxe5 10. Nc3 Bg7 11. Be2 O-O 12. O-O e6 13. dxe6 Qxd1 14. exf7+
Rxf7 15. Raxd1 Be6 16. b3 Bf5 17. Bd3 Bxd3 18. Rxd3 Re8 19. Bxb6 axb6 20. Re3
Bh6 21. Re2 Rfe7 22. Rfe1 Kf7 23. Nd5 Rd7 24. Rxe5 Rxe5 25. Rxe5 Bg7 26. Re1 h5
27. Ne3 Rd2 1/2-1/2

[Event "GCCC August Mini-Swiss.1"]
[Site "Flint, MI"]
[Date "2002.08.07"]
[Round "1.5"]
[White "Fick II, Douglas"]
[Black "Laurin, Edward"]
[Result "0-1"]
[WhiteElo "1458"]
[BlackElo "1738"]
[PlyCount "44"]
[EventDate "2002.08.07"]

1. d4 Nf6 2. c4 e6 3. Nf3 b6 4. a3 Bb7 5. Nc3 c5 6. Bg5 Bxf3 7. exf3 cxd4 8.
Qxd4 Nc6 9. Qh4 Be7 10. Bd3 h6 11. O-O Ne5 12. Be4 Nxe4 13. Bxe7 Qxe7 14. Qxe4
Nc6 15. Nb5 O-O 16. Rfd1 Rfd8 17. Nd6 Rab8 18. Rd2 Qg5 19. Rad1 Qe5 20. Kf1
Qxe4 21. fxe4 a6 22. e5 Nxe5 0-1

[Event "GCCC August Mini-Swiss.2"]
[Site "Flint, MI"]
[Date "2002.08.07"]
[Round "2"]
[White "Crist, Kevin"]
[Black "Gurski, Christina"]
[Result "1/2-1/2"]
[WhiteElo "1249"]
[BlackElo "1292"]
[PlyCount "68"]
[EventDate "2002.08.07"]

1. d4 Nf6 2. Nc3 e6 3. Bg5 Be7 4. Qd2 b6 5. Nf3 Bb7 6. Bxf6 Bxf6 7. O-O-O O-O
8. e3 d6 9. h4 Bxf3 10. gxf3 Bxh4 11. Bd3 g6 12. Ne4 d5 13. Ng3 Nd7 14. f4 c5
15. Rdg1 cxd4 16. f5 dxe3 17. fxe3 d4 18. Be4 dxe3 19. Qd4 Bf6 20. Qd3 Nc5 21.
Qe2 Qd2+ 22. Qxd2 exd2+ 23. Kxd2 Nxe4+ 24. Nxe4 Bd4 25. Rg2 exf5 26. Ng5 h5 27.
c3 Bf6 28. Nh3 Rad8+ 29. Kc2 Rd6 30. Nf4 Kg7 31. Nxh5+ Kg8 32. Ng3 Rd5 33. c4
Rc5 34. b3 Rd8 1/2-1/2

[Event "GCCC August Mini-Swiss.1"]
[Site "Flint, MI"]
[Date "2002.08.07"]
[Round "1.3"]
[White "Choate, Eric"]
[Black "Aldrich, Jeff"]
[Result "0-1"]
[WhiteElo "1521"]
[BlackElo "1907"]
[PlyCount "60"]
[EventDate "2002.08.07"]

1. e4 c6 2. d4 d5 3. e5 Bf5 4. Bd3 Bxd3 5. Qxd3 e6 6. Nf3 Ne7 7. O-O Nd7 8. Bg5
Qb6 9. Bxe7 Bxe7 10. b3 O-O 11. Nbd2 c5 12. c3 Rac8 13. h3 f6 14. exf6 Bxf6 15.
Rac1 a6 16. Rfe1 Qd6 17. c4 Rce8 18. cxd5 Qxd5 19. Ne4 Bxd4 20. Nxd4 cxd4 21.
Rcd1 e5 22. Ng5 Nf6 23. Nf3 h6 24. Re2 Nh5 25. Re4 Nf4 26. Qb1 d3 27. Re3 e4
28. Rde1 Ne2+ 29. Kf1 exf3 30. Rxd3 fxg2# 0-1

[Event "GCCC August Mini-Swiss.1"]
[Site "Flint, MI"]
[Date "2002.08.07"]
[Round "3.1"]
[White "Aldrich, Jeff"]
[Black "Skidmore, Mike"]
[Result "1-0"]
[WhiteElo "1907"]
[BlackElo "1843"]
[PlyCount "61"]
[EventDate "2002.08.07"]

1. d4 d5 2. c4 c6 3. Nc3 Nf6 4. Nf3 e6 5. Bg5 h6 6. Bh4 Be7 7. e3 Nbd7 8. Qc2
O-O 9. Rc1 b6 10. cxd5 cxd5 11. Bd3 Bb7 12. O-O Rc8 13. Bg3 Ne4 14. Qe2 Nxg3
15. hxg3 Nf6 16. Ne5 Nh7 17. Qh5 Nf6 18. Qf3 a6 19. Ne2 Ne4 20. Bxe4 dxe4 21.
Qh5 a5 22. Nf4 Ba6 23. Rfe1 Bg5 24. Kh2 Bxf4 25. gxf4 Qd5 26. g4 Qxa2 27. Rxc8
Bxc8 28. g5 hxg5 29. fxg5 Qxb2 30. Kg3 g6 31. Qh6 1-0

[Event "GCCC August Mini-Swiss.1"]
[Site "Flint, MI"]
[Date "2002.08.07"]
[Round "2.2"]
[White "Aldrich, Jeff"]
[Black "Aldrich, Justin"]
[Result "1-0"]
[WhiteElo "1907"]
[BlackElo "1610"]
[PlyCount "53"]
[EventDate "2002.08.07"]

1. d4 d5 2. c4 c6 3. Nc3 Nf6 4. Nf3 Nbd7 5. e3 dxc4 6. Bxc4 Nb6 7. Bd3 Bg4 8.
Qb3 e6 9. Bd2 Bd6 10. h3 Bxf3 11. gxf3 e5 12. dxe5 Bxe5 13. Bc2 Nfd5 14. O-O-O
Nxc3 15. Bxc3 Qf6 16. Bxe5 Qxe5 17. f4 Qf6 18. Qb4 Qe7 19. Qd4 O-O 20. Rhg1 g6
21. f5 Rad8 22. f6 Qc7 23. Qh4 Nd5 24. Rxd5 Kh8 25. Qh6 Rg8 26. Rh5 gxh5 27.
Qxh7# 1-0

[Event "Flint August Tuesday Night Swiss"]
[Site "Flint, MI"]
[Date "2002.08.13"]
[Round "2.3"]
[White "Aldrich, Jeff"]
[Black "Saylor, Oliver"]
[Result "1-0"]
[WhiteElo "1907"]
[BlackElo "1414"]
[PlyCount "53"]
[EventDate "2002.08.06"]

1. d4 d5 2. c4 c6 3. Nc3 Nf6 4. Nf3 Bf5 5. Qb3 Qb6 6. c5 Qxb3 7. axb3 h6 8. Bf4
a6 9. b4 Nbd7 10. b5 Ne4 11. bxc6 bxc6 12. Nxe4 Bxe4 13. e3 Bxf3 14. gxf3 a5
15. b4 a4 16. Kd2 f6 17. b5 cxb5 18. Bxb5 a3 19. c6 Nb6 20. c7+ Kf7 21. Rhb1
Nc8 22. Bc6 Ra6 23. Bb7 Ra7 24. Bxc8 e6 25. Bxe6+ Kxe6 26. c8=Q+ Kf7 27. Rb7+
1-0

[Event "U.P. Open"]
[Site "Marquette, MI"]
[Date "2002.08.18"]
[Round "4"]
[White "Asbury, Victor"]
[Black "Schmitt, William"]
[Result "1-0"]
[WhiteElo "1557"]
[BlackElo "1713"]
[PlyCount "99"]
[EventDate "2002.08.17"]

1. c4 g6 2. Nc3 Bg7 3. g3 c6 4. Bg2 d6 5. Nf3 Nd7 6. O-O Ngf6 7. d4 O-O 8. Bf4
Re8 9. Re1 Nb6 10. b3 Bd7 11. Qd2 d5 12. c5 Nc8 13. Bh6 b6 14. Bxg7 Kxg7 15. b4
Qc7 16. Rad1 b5 17. e4 e6 18. e5 Ng8 19. h4 h5 20. Nh2 Qd8 21. f4 f5 22. Nf3
Nh6 23. Nh2 Ne7 24. Bf3 a5 25. a3 Ra7 26. Qe2 Rg8 27. Kh1 Be8 28. Rg1 Kh7 29.
Rg2 Nc8 30. Rdg1 Rag7 31. Qe1 Ra7 32. g4 Ne7 33. gxh5 gxh5 34. Rg5 Ng6 35. Qg3
Rag7 36. Bxh5 axb4 37. axb4 Qa8 38. Bd1 Qa7 39. Bh5 Qa3 40. Bxg6+ Rxg6 41. h5
Rxg5 42. fxg5 Qxb4 43. g6+ Kh8 44. Qg5 Rg7 45. Qxh6+ Kg8 46. Qe3 f4 47. Qh3 Kh8
48. Qxe6 Bf7 49. Qf6 Qxd4 50. h6 1-0

[Event "Flint August Tuesday Night Swiss"]
[Site "Flint, MI"]
[Date "2002.08.20"]
[Round "3.3"]
[White "Aldrich, Jeff"]
[Black "Monge, Jeff"]
[Result "1-0"]
[WhiteElo "1907"]
[BlackElo "1575"]
[PlyCount "57"]
[EventDate "2002.08.06"]

1. d4 e6 2. c4 Nf6 3. Nc3 Bb4 4. e3 c5 5. Bd3 Nc6 6. Nge2 cxd4 7. exd4 d5 8. a3
Bxc3+ 9. bxc3 O-O 10. O-O b6 11. Bg5 h6 12. Bh4 Ba6 13. cxd5 Bxd3 14. Qxd3 exd5
15. Qb5 Qd6 16. Bxf6 Qxf6 17. Qxd5 Ne7 18. Qb3 Rfe8 19. Ng3 Rad8 20. Rfe1 Rd5
21. Rxe7 Rxe7 22. Qxd5 Re8 23. h3 Qf4 24. Qd7 Re6 25. Qxa7 Qd2 26. Qc7 Rg6 27.
Nf5 Rf6 28. Ne7+ Kh7 29. Rf1 1-0

[Event "Flint August Tuesday Night Swiss"]
[Site "Flint, MI"]
[Date "2002.08.27"]
[Round "4.1"]
[White "Laurin, Edward"]
[Black "Aldrich, Jeff"]
[Result "1-0"]
[WhiteElo "1738"]
[BlackElo "1907"]
[PlyCount "60"]
[EventDate "2002.08.06"]

1. e4 c6 2. d4 d5 3. Nc3 dxe4 4. Nxe4 Nd7 5. Ng5 e6 6. Bd3 Ngf6 7. N1f3 h6 8.
Nxe6 Qe7 9. O-O fxe6 10. Bg6+ Kd8 11. c4 Qd6 12. c5 Qd5 13. Qc2 Bxc5 14. dxc5
Qxc5 15. Qxc5 Nxc5 16. Bf4 Ke7 17. Rad1 Nd5 18. Be5 Nd7 19. Bc2 N7f6 20. Nh4
Rd8 21. Ng6+ Ke8 22. Rfe1 a5 23. f4 Kf7 24. Bc7 Rg8 25. Bd6 Nd7 26. g4 a4 27.
h4 Ra5 28. f5 exf5 29. Bxf5 Rd8 30. h5 N7f6 $138 1-0

[Event "Michigan Open"]
[Site "Lansing, MI"]
[Date "2002.08.30"]
[Round "1.6"]
[White "Williams, Ron"]
[Black "Spooner, Frank"]
[Result "1-0"]
[WhiteElo "1955"]
[BlackElo "1729"]
[PlyCount "81"]
[EventDate "2002.08.30"]

1. c4 Nf6 2. Nc3 e5 3. g3 c6 4. Bg2 d6 5. d3 g6 6. Nf3 Bg7 7. Bd2 O-O 8. Qc1
Bg4 9. h3 Bxf3 10. Bxf3 Nbd7 11. O-O a5 12. Bg5 Qc7 13. Qd2 Nc5 14. Rab1 Rae8
15. e4 Ne6 16. Bh6 Nd4 17. Bg2 Nh5 18. Bxg7 Kxg7 19. Ne2 Nxe2+ 20. Qxe2 Qd7 21.
Kh2 h6 22. Bf3 Nf6 23. b4 a4 24. b5 c5 25. Qc2 Ra8 26. Bd1 Ne8 27. f4 Nc7 28.
f5 Ne8 29. Bg4 Nf6 30. Qe2 h5 31. Bf3 b6 32. g4 Rh8 33. g5 Ne8 34. h4 Nc7 35.
Rf2 Rh7 36. Rbf1 Kg8 37. Bg2 Qe7 38. Bh3 Ra7 39. Qf3 Ra8 40. fxg6 fxg6 41. Qf6
1-0

[Event "Michigan Open"]
[Site "Lansing, MI"]
[Date "2002.08.30"]
[Round "1.4"]
[White "Viswanathan, Kartik"]
[Black "Garrison, Ray"]
[Result "1-0"]
[WhiteElo "2148"]
[BlackElo "1882"]
[PlyCount "97"]
[EventDate "2002.08.30"]

{Dutch: Raphael} 1. d4 f5 2. Nc3 d5 3. Bg5 Nf6 4. Bxf6 exf6 5. e3 Be6 6. Bd3
Nc6 7. Qf3 Qd7 8. a3 Nd8 9. Nge2 Nf7 10. h4 c6 11. Nf4 Nd6 12. Nce2 Ne4 13. Qh3
g5 14. Nxe6 Qxe6 15. hxg5 fxg5 16. Bxe4 Qxe4 17. O-O-O Kd8 18. Ng3 g4 19. Qh4+
Be7 20. Nxe4 Bxh4 21. Rxh4 dxe4 22. Rdh1 Rc8 23. Rh5 Kc7 24. Rxf5 Rcf8 25.
Rxh7+ Kb6 26. Rhf7 Rh1+ 27. Kd2 Rfh8 28. Rg7 Rg1 29. Rff7 c5 30. Rxb7+ Kc6 31.
Rgc7+ Kd5 32. c4+ Kd6 33. dxc5+ Ke5 34. Re7+ Kf5 35. Rf7+ Kg6 36. Rg7+ Kf5 37.
Rbf7+ Ke6 38. Rf4 Rd8+ 39. Kc2 Rdd1 40. Rxe4+ Kf5 41. Rexg4 a5 42. a4 Rdf1 43.
R7g5+ Ke6 44. c6 Rc1+ 45. Kb3 Rgd1 46. c7 Rd7 47. c8=Q Ke7 48. Qc5+ Ke6 49.
Rg6+ 1-0

[Event "Michigan Open Reserve"]
[Site "Lansing, MI"]
[Date "2002.08.30"]
[Round "1.2"]
[White "Staples, Christian"]
[Black "Asbury, Victor"]
[Result "1-0"]
[WhiteElo "1775"]
[BlackElo "1557"]
[PlyCount "101"]
[EventDate "2002.08.30"]

1. e4 c5 2. Nf3 Nc6 3. c3 g6 4. d4 b6 5. d5 Nb8 6. Qa4 Nf6 7. Be2 Bg7 8. O-O
O-O 9. h3 d6 10. Qc2 Re8 11. Rd1 Nbd7 12. Bf4 Nh5 13. Bh2 Ne5 14. Nxe5 Bxe5 15.
Bxh5 Bxh2+ 16. Kxh2 gxh5 17. Qe2 Kh8 18. Qxh5 Rg8 19. Rd3 Rg7 20. Nd2 Qg8 21.
Rg3 Bd7 22. Re1 Rxg3 23. fxg3 Qg6 24. Qf3 Rg8 25. Rf1 f6 26. Rf2 h5 27. b3 b5
28. Nf1 Kh7 29. Ne3 a6 30. Nf5 Bxf5 31. exf5 Qg5 32. Re2 Rg7 33. Re3 Kg8 34.
Re4 Kf8 35. g4 h4 36. a4 Qd2 37. axb5 axb5 38. Qe3 Qxd5 39. c4 bxc4 40. bxc4
Qb7 41. Re6 Qc7 42. Qf4 Qa7 43. Qh6 Qa4 44. Rxe7 Kxe7 45. Qxg7+ Kd8 46. Qxf6+
Kc7 47. Qe7+ Qd7 48. Qxd7+ Kxd7 49. g3 d5 50. Kg2 hxg3 51. Kxg3 1-0

[Event "Michigan Open Reserve"]
[Site "Lansing, MI"]
[Date "2002.08.30"]
[Round "1.8"]
[White "Nicolli, Randy"]
[Black "Fick II, Douglas"]
[Result "0-1"]
[WhiteElo "1672"]
[BlackElo "1458"]
[PlyCount "60"]
[EventDate "2002.08.30"]

1. f4 e6 2. Nf3 Nf6 3. e3 b6 4. Be2 Bb7 5. O-O Be7 6. d3 O-O 7. Nc3 d5 8. Bd2
c5 9. Ne5 Nc6 10. Ng4 d4 11. Ne4 Nxg4 12. Bxg4 f5 13. Bh3 fxe4 14. Bxe6+ Kh8
15. Qh5 dxe3 16. Bxe3 Nd4 17. Bxd4 Qxd4+ 18. Kh1 Qf6 19. f5 exd3 20. cxd3 Qxb2
21. Qg4 Rad8 22. Rae1 Rxd3 23. Re2 Rd2 24. Rxd2 Qxd2 25. Rd1 Qg5 26. Qe2 Rd8
27. Rxd8+ Bxd8 28. h3 Qc1+ 29. Kh2 Bc7+ 30. g3 Qh1# 0-1

[Event "Michigan Open Reserve"]
[Site "Lansing, MI"]
[Date "2002.08.30"]
[Round "1.11"]
[White "Nelson, Peter"]
[Black "McAuliffe, Todd"]
[Result "1-0"]
[WhiteElo "1383"]
[BlackElo "1644"]
[Annotator "Tim McGrew"]
[PlyCount "41"]
[EventDate "2002.08.30"]

{Benko Gambit} 1. d4 Nf6 2. c4 c5 3. d5 b5 4. f3 $5 {This is one of the
ultra-sharp systems that evolved during the past two decades to take the Benko
Gambit out of the normal channels. Both players need to know what they are
doing now.} b4 {Locking the queen-side. Black will not have normal Benko
counterplay there now, so he must seek chances on the king-side.} (4... e6 $5 {
is a sharp retort in kind.}) 5. e4 d6 6. Be3 g6 7. Qd2 h6 {This is asking for
trouble. How can Black hope to castle king-side after lining up the h-pawn for
the capture?} 8. Bd3 Bg7 9. Ne2 a5 10. a3 Bb7 11. axb4 axb4 12. Rxa8 Bxa8 13.
e5 $1 {The timing is just right here, as White's bishops hit c5 and g6.} Nfd7
14. e6 $1 Ne5 15. exf7+ Kxf7 16. Nf4 g5 {This just nudges the knight where it
wants to go.} 17. Ne6 Qd7 {DIAGRAM} 18. f4 $1 {Consistently opening lines.
White's play is very thematic.} Nxd3+ 19. Qxd3 gxf4 20. Qf5+ Bf6 ({Suicide,
but after} 20... Kg8 21. Qxf4 {White is winning anyway.}) 21. Qh5+ {White
mates in two on g7.} 1-0

[Event "Michigan Open Reserve"]
[Site "Lansing, MI"]
[Date "2002.08.30"]
[Round "1.1"]
[White "Monge, Jeff"]
[Black "LeMaster, Terry"]
[Result "1/2-1/2"]
[WhiteElo "1575"]
[BlackElo "1784"]
[PlyCount "94"]
[EventDate "2002.08.30"]

1. d4 Nf6 2. c4 g6 3. Nc3 Bg7 4. e4 d6 5. Nf3 O-O 6. Be2 Nbd7 7. O-O e5 8. d5
Nh5 9. b4 f5 10. Ng5 Ndf6 11. Ne6 Bxe6 12. dxe6 Nf4 13. Bxf4 exf4 14. exf5 gxf5
15. Nd5 Nxd5 16. Qxd5 c6 17. e7+ cxd5 18. exd8=Q Raxd8 19. Rad1 d4 20. Rd3 b6
21. Rf3 Be5 22. Bd3 Rf6 23. g3 d5 24. Re1 Bd6 25. c5 bxc5 26. bxc5 Bxc5 27.
Rxf4 Rb8 28. Bxf5 Kh8 29. Re6 Rbf8 30. Rxf6 Rxf6 31. g4 Ra6 32. Bb1 d3 33. Bxd3
Rxa2 34. Rf5 Rd2 35. Ba6 Bb6 36. h4 Kg7 37. Bb7 d4 38. Be4 Re2 39. Rg5+ Kf6 40.
Bxh7 Re5 41. Rxe5 Kxe5 42. g5 Bd8 43. Kg2 Ke6 44. Kg3 Kf7 45. Bc2 a5 46. g6+
Kg7 47. h5 Bg5 1/2-1/2

[Event "Michigan Open Reserve"]
[Site "Lansing, MI"]
[Date "2002.08.30"]
[Round "1.6"]
[White "Matias, I.C."]
[Black "Kieliszewski, Greg"]
[Result "1-0"]
[WhiteElo "1747"]
[BlackElo "1479"]
[Annotator "Tim McGrew"]
[PlyCount "43"]
[EventDate "2002.08.30"]

{Queen's Gambit Accepted: Classical A placid opening takes a dramatic turn
when the pieces begin coming off of the board.} 1. d4 d5 2. c4 dxc4 3. Nf3 Nf6
4. e3 e6 5. Bxc4 c5 6. O-O a6 7. Qe2 b5 8. Bb3 Bb7 9. Nc3 {White accelerates
his development while Black gains space on the Queenside. All of this has been
known from the days of Steinitz, but it was Reshevsky who made a living out of
the White side of this position, plastering Najdorf 3.5/4 in their 1952 match.
Today the line is not thought to be particularly dangerous, but it all depends
on whether you can handle it better than Najdorf did ...} Be7 10. Rd1 Nbd7 11.
Bc2 (11. e4 {is the normal move here. But White wants to aim his Bishop at c2,
and that has its own merits as we shall shortly see.}) 11... Qc7 12. e4 cxd4
13. Nxd4 O-O 14. Bg5 Rfe8 15. Rac1 Rac8 {Believe it or not, up to this point
the players have recreated Alapin-Leonhart, Prague 1908. But now White goes
his own way.} 16. Bb1 Qb8 17. a3 Nxe4 $4 ({A fatal tactical misstep. Black had
to try to hold the balance with something like} 17... Red8) 18. Nxe4 Rxc1 19.
Rxc1 Bxe4 20. Qxe4 Bxg5 21. Qxh7+ Kf8 22. Nc6 $1 {Closing the exit and hitting
the Queen at the same time -- an "abstract fork."} 1-0

[Event "Michigan Open Reserve"]
[Site "Lansing, MI"]
[Date "2002.08.30"]
[Round "1.4"]
[White "Laurin, Edward"]
[Black "Mose, Greg"]
[Result "1-0"]
[WhiteElo "1757"]
[BlackElo "1500"]
[Annotator "Edward Laurin"]
[PlyCount "111"]
[EventDate "2002.08.30"]

1. e4 c5 2. Nf3 d6 3. d4 cxd4 4. Nxd4 Nf6 5. Nc3 e6 6. Bg5 Be7 7. Qd2 O-O 8.
O-O-O a6 9. Be2 ({This move is too slow to meet the threat of ...b5, then ...
b4. Best would have been} 9. f3 {to meet the threat.}) 9... b5 10. Bf3 $5 b4
11. Nb1 e5 ({The best line would have been} 11... Bb7 12. e5 Nd5 {with a
slight edge for Black.}) 12. Nf5 Bxf5 13. exf5 e4 {This just drops a pawn.} 14.
Bxf6 exf3 15. Bxe7 Qxe7 16. g4 Nc6 17. Qxd6 Qg5+ 18. Nd2 Rac8 19. Qg3 Nd4 20.
Kb1 Nxc2 21. Nxf3 Qe7 22. Qe5 (22. -- {White cannot allow Black to play} Qe4 {
with a powerful discovered attack coming.}) 22... Qb7 23. Qd5 Qb6 24. Rd2 Rfd8
25. Qb3 Rxd2 26. Nxd2 Qxf2 27. Nc4 Nd4 28. Qd3 Qc2+ $2 {This just traps the
knight. A better idea would have been to simply trade off queens and
centralize Black's king.} 29. Qxc2 Nxc2 30. Rc1 Rxc4 31. Rxc2 Rxc2 32. Kxc2 Kf8
33. Kb3 a5 34. Ka4 Ke7 35. Kxa5 b3 36. a4 Kd7 37. Kb4 Kc6 38. Kxb3 Kc5 39. Kc3
g6 40. b4+ ({Not} 40. fxg6 hxg6 {giving Black some play.}) 40... Kb6 41. Kc4
Kc6 42. a5 Kb7 43. Kc5 Kc7 44. b5 Kb7 45. b6 h5 46. fxg6 fxg6 47. gxh5 gxh5 48.
a6+ Kb8 49. Kc6 h4 50. h3 Ka8 51. b7+ Kb8 52. a7+ Kxa7 53. Kc7 Ka6 54. b8=Q Ka5
55. Qb3 Ka6 56. Qb6# 1-0

[Event "Michigan Open"]
[Site "Lansing, MI"]
[Date "2002.08.30"]
[Round "1.5"]
[White "Katsuhara, Osamu"]
[Black "Hamood, Al"]
[Result "0-1"]
[WhiteElo "1790"]
[BlackElo "2033"]
[PlyCount "70"]
[EventDate "2002.08.30"]

{Sicilian: Barnes (Kasparov)} 1. e4 c5 2. Nf3 e6 3. d4 cxd4 4. Nxd4 Nc6 5. Nb5
d6 6. N1c3 a6 7. Nd4 Nf6 8. Be3 Be7 9. Bc4 O-O 10. Bb3 Ne5 11. f3 b5 12. a3 Bb7
13. Bxe6 fxe6 14. Nxe6 Qd7 15. Nxf8 Rxf8 16. O-O Nc4 17. Bc1 Bd8 18. Kh1 Bb6
19. Qd3 Qf7 20. b3 Nh5 21. g4 Ne5 22. Qe2 Nxg4 23. Bg5 Ne5 24. f4 Nc6 25. Rad1
Nd4 26. Qg4 Nxc2 27. f5 Nf6 28. Qh4 Bd4 29. Bxf6 Qxf6 30. Qxf6 Bxf6 31. Rf3
Bxc3 32. Rxc3 Bxe4+ 33. Kg1 d5 34. Rc6 Rxf5 35. Rxa6 Rg5+ 0-1

[Event "Michigan Open Reserve"]
[Site "Lansing, MI"]
[Date "2002.08.30"]
[Round "1.9"]
[White "Imai, Toshio"]
[Black "McCarter, Robert"]
[Result "0-1"]
[WhiteElo "1429"]
[BlackElo "1667"]
[PlyCount "64"]
[EventDate "2002.08.30"]

1. e4 c5 2. d4 cxd4 3. c3 Nf6 4. e5 Nd5 5. cxd4 e6 6. Nf3 d6 7. Be2 Nc6 8. O-O
Be7 9. Nc3 Nxc3 10. bxc3 Qc7 11. Bg5 dxe5 12. Bxe7 Kxe7 13. dxe5 Nxe5 14. Qc2
Nxf3+ 15. Bxf3 Bd7 16. Rab1 Bc6 17. Bxc6 Qxc6 18. Rfc1 Rac8 19. a4 Qc7 20. c4
b6 21. Qe4 Qc6 22. Qc2 g6 23. Qb3 Rhd8 24. Qb4+ Qc5 25. Qc3 Rd4 26. Qb4 Qxb4
27. Rxb4 a5 28. Rxb6 Rdxc4 29. Rb7+ Kf6 30. Re1 Rc1 31. Kf1 Rxe1+ 32. Kxe1 Rc4
0-1